[Event "LSS No Engine Cup 215 Preliminary 0"]
[Site "LSS email"]
[Date "2021.03.13"]
[Round "?"]
[White "Spiliopoulos, Panagiotis"]
[Black "Ilyin, Igor"]
[Result "0-1"]
[WhiteElo "1600"]
[BlackElo "1488"]
[PlyCount "60"]
[EventDate "2021.03.13"]
[EventType "tourn (corr)"]
[EventRounds "6"]
[EventCountry "GER"]
[SourceTitle "Corr 2024"]
[Source "ChessBase"]
[SourceDate "2023.10.19"]
[SourceVersion "1"]
[SourceVersionDate "2023.10.19"]
[SourceQuality "1"]

1. d4 Nf6 2. c4 g6 3. Nc3 Bg7 4. e4 0-0 5. f3 d6 6. Be3 Nc6 7. Nge2 a6 8. Qd2 Bd7 9. g4 Rb8 10. Rc1 e5 11. d5 Ne7 12. h4 b5 13. h5 bxc4 14. hxg6 fxg6 15. Ng1 Rf7 16. Bxc4 a5 17. Nh3 Nxg4 18. fxg4 Bxg4 19. Ng5 Bf3 20. Nxf7 Qf8 21. Nh6+ Kh8 22. 0-0 Rxb2 23. Qxb2 Bxh6 24. Bxh6 Qxh6 25. Rxf3 Qg5+ 26. Kf2 Qh4+ 27. Ke3 g5 28. Qb8+ Kg7 29. Qf8+ Kg6 30. Rf6+ Kh5 0-1

[Event "SD-2021-0-00317"]
[Site "LSS email"]
[Date "2021.02.07"]
[Round "?"]
[White "Nowak, Andrzej"]
[Black "Spiliopoulos, Panagiotis"]
[Result "1/2-1/2"]
[WhiteElo "1587"]
[BlackElo "1591"]
[PlyCount "58"]
[EventDate "2020.09.13"]
[EventType "tourn (corr)"]
[EventRounds "6"]
[EventCountry "GER"]
[SourceTitle "Corr 2024"]
[Source "ChessBase"]
[SourceDate "2023.10.19"]
[SourceVersion "1"]
[SourceVersionDate "2023.10.19"]
[SourceQuality "1"]

1. e4 c5 2. Nf3 e6 3. d4 cxd4 4. Nxd4 a6 5. Nc3 Qc7 6. Bd3 Nc6 7. Nxc6 dxc6 8. 0-0 e5 9. f4 Nf6 10. Qf3 Bc5+ 11. Kh1 0-0 12. Qg3 Nh5 13. Qg5 Nxf4 14. Bxf4 f6 15. Bxe5 fxe5 16. Bc4+ Kh8 17. Na4 Be7 18. Rxf8+ Bxf8 19. Rf1 Bd7 20. Qe3 Rd8 21. Qa7 Bc8 22. Nc5 Bd6 23. Bb3 Qe7 24. Nd3 Rf8 25. Rxf8+ Qxf8 26. h3 g6 27. a4 Qd8 28. Ba2 a5 29. Bc4 Qc7 1/2-1/2

[Event "SD-2021-0-00317"]
[Site "LSS email"]
[Date "2021.02.05"]
[Round "?"]
[White "Spiliopoulos, Panagiotis"]
[Black "Laczay, Istvan"]
[Result "1/2-1/2"]
[WhiteElo "1591"]
[BlackElo "1587"]
[PlyCount "71"]
[EventDate "2020.09.13"]
[EventType "tourn (corr)"]
[EventRounds "6"]
[EventCountry "GER"]
[SourceTitle "Corr 2024"]
[Source "ChessBase"]
[SourceDate "2023.10.19"]
[SourceVersion "1"]
[SourceVersionDate "2023.10.19"]
[SourceQuality "1"]

1. e4 c5 2. Nc3 Nc6 3. f4 g6 4. Nf3 Bg7 5. Bb5 Nd4 6. Bc4 a6 7. Nxd4 cxd4 8. Ne2 d5 9. Bxd5 Nf6 10. Bc4 Nxe4 11. d3 Nd6 12. Bb3 0-0 13. 0-0 Nf5 14. Qe1 Qb6 15. Ng3 Nxg3 16. Qxg3 Be6 17. Bd2 Rac8 18. Rac1 Rfe8 19. Qf3 Rc5 20. Bxe6 Qxe6 21. b3 Qd7 22. Rf2 Rec8 23. Be1 e6 24. Re2 Rf5 25. g4 Rb5 26. Qe4 Rc6 27. Qg2 Qe7 28. Bg3 Qa3 29. Rf1 h6 30. Qe4 f5 31. Qf3 Qe7 32. a4 Rbc5 33. gxf5 Rxf5 34. Qf2 Kh7 35. Qg2 Qf7 36. Re4 1/2-1/2

[Event "ZL-2016-0-01962"]
[Site "LSS email"]
[Date "2016.11.09"]
[Round "?"]
[White "Spiliopoulos, Panagiotis"]
[Black "Lauer, Frederic"]
[Result "1-0"]
[WhiteElo "1588"]
[BlackElo "1179"]
[PlyCount "61"]
[EventDate "2016.10.14"]
[EventType "match (corr)"]
[EventRounds "2"]
[EventCountry "GER"]
[SourceTitle "Corr 2022"]
[Source "ChessBase"]
[SourceDate "2021.10.24"]
[SourceVersion "1"]
[SourceVersionDate "2021.10.24"]
[SourceQuality "1"]

1. d4 c5 2. c4 cxd4 3. Nf3 Nc6 4. Nxd4 Nf6 5. Nc3 e5 6. Nxc6 dxc6 7. Qc2 Bb4 8. a3 Be7 9. e3 0-0 10. Be2 Qc7 11. 0-0 Be6 12. b3 Rad8 13. Bb2 Rd7 14. Rfd1 Rfd8 15. b4 Rxd1+ 16. Rxd1 Rxd1+ 17. Nxd1 h6 18. e4 Qd7 19. Bxe5 Ng4 20. Bc3 Bf6 21. c5 Bxc3 22. Qxc3 Qc7 23. g3 Nf6 24. Bd3 Nd7 25. f4 f6 26. Ne3 a6 27. Nc4 Bxc4 28. Qxc4+ Kf8 29. Bc2 b5 30. Qe6 g5 31. Bb3 1-0

[Event "ZL-2016-0-01932"]
[Site "LSS email"]
[Date "2016.07.21"]
[Round "?"]
[White "Spiliopoulos, Panagiotis"]
[Black "Neuhausen, Rainer"]
[Result "1-0"]
[WhiteElo "1534"]
[BlackElo "1117"]
[PlyCount "39"]
[EventDate "2016.07.16"]
[EventType "match (corr)"]
[EventRounds "2"]
[EventCountry "GER"]
[SourceTitle "Corr 2022"]
[Source "ChessBase"]
[SourceDate "2021.10.24"]
[SourceVersion "1"]
[SourceVersionDate "2021.10.24"]
[SourceQuality "1"]

1. d4 d5 2. c4 e6 3. Nc3 Nf6 4. cxd5 exd5 5. Bg5 c6 6. Qc2 Be7 7. e3 Nbd7 8. Bd3 h6 9. Bh4 0-0 10. Nge2 b6 11. 0-0 Bb7 12. f3 c5 13. Rfe1 Rc8 14. Rad1 cxd4 15. Nxd4 Bb4 16. Bf5 Rc4 17. Bxd7 Qxd7 18. Bxf6 gxf6 19. Nf5 Kh7 20. Nd6+ 1-0

[Event "SE-2016-0-00224"]
[Site "LSS email"]
[Date "2016.03.19"]
[Round "?"]
[White "Spiliopoulos, Panagiotis"]
[Black "Gonzalez Morales, Eduardo"]
[Result "1-0"]
[WhiteElo "1515"]
[BlackElo "1312"]
[PlyCount "26"]
[EventDate "2016.02.12"]
[EventType "tourn (corr)"]
[EventRounds "6"]
[EventCountry "GER"]
[SourceTitle "Corr 2022"]
[Source "ChessBase"]
[SourceDate "2021.10.24"]
[SourceVersion "1"]
[SourceVersionDate "2021.10.24"]
[SourceQuality "1"]

1. c4 Nf6 2. g3 g6 3. Bg2 Bg7 4. Nc3 0-0 5. d4 d6 6. e4 e5 7. d5 Na6 8. Nge2 c6 9. 0-0 Nc7 10. Bg5 h6 11. Be3 cxd5 12. exd5 Ng4 13. Bd2 f5 1-0

[Event "OP-2015-0-03633"]
[Site "LSS email"]
[Date "2015.02.01"]
[Round "?"]
[White "Cornell, David"]
[Black "Spiliopoulos, Panagiotis"]
[Result "1-0"]
[WhiteElo "1831"]
[BlackElo "1441"]
[PlyCount "61"]
[EventDate "2015.01.26"]
[EventType "tourn (corr)"]
[EventRounds "4"]
[EventCountry "GER"]
[SourceTitle "Corr 2022"]
[Source "ChessBase"]
[SourceDate "2021.10.24"]
[SourceVersion "1"]
[SourceVersionDate "2021.10.24"]
[SourceQuality "1"]

1. d4 d5 2. Nf3 Nf6 3. e3 Bf5 4. c4 e6 5. Nc3 Nc6 6. a3 Be7 7. Be2 0-0 8. 0-0 dxc4 9. Bxc4 Nd5 10. Re1 Nxc3 11. bxc3 Be4 12. Nd2 Bg6 13. e4 Na5 14. Bf1 Bf6 15. Nb3 c6 16. Rb1 Nxb3 17. Qxb3 b6 18. Bf4 c5 19. dxc5 bxc5 20. Qc4 Rc8 21. a4 Qa5 22. Rec1 h6 23. Rb5 Qa6 24. f3 Rfd8 25. Rcb1 Qc6 26. Be3 Be7 27. Rb7 Rc7 28. Qa6 Qxa6 29. Bxa6 Rcd7 30. Bc4 Bf6 31. a5 1-0

[Event "IECC CL0-2014.00 email"]
[Site "IECC email"]
[Date "2014.12.17"]
[Round "?"]
[White "Verich, Oleg"]
[Black "Spiliopoulos, Panagiotis"]
[Result "0-1"]
[WhiteElo "1156"]
[BlackElo "800"]
[PlyCount "49"]
[EventDate "2014.11.13"]
[EventType "tourn (corr)"]
[EventRounds "4"]
[SourceTitle "Corr 2022"]
[Source "ChessBase"]
[SourceDate "2021.10.24"]
[SourceVersion "1"]
[SourceVersionDate "2021.10.24"]
[SourceQuality "1"]

1. c4 Nf6 2. Nf3 e6 3. g3 b6 4. Bg2 Bb7 5. 0-0 Be7 6. d4 0-0 7. Nc3 d5 8. cxd5 Nxd5 9. e3 Nxc3 10. bxc3 c5 11. Bb2 Nc6 12. Rc1 Rc8 13. Qa4 Qe8 14. Nd2 Na5 15. Bxb7 Qxa4 16. Bxc8 Rxc8 17. Ra1 Nc4 18. Nxc4 Qxc4 19. Rfc1 h6 20. a4 Qe2 21. Ba3 Rc7 22. Re1 Qd2 23. Rac1 cxd4 24. Bxe7 dxe3 25. fxe3 0-1

[Event "ZL-2014-0-01558"]
[Site "LSS email"]
[Date "2014.12.05"]
[Round "?"]
[White "Spiliopoulos, Panagiotis"]
[Black "Pirttimaeki, Mika"]
[Result "1-0"]
[WhiteElo "800"]
[BlackElo "1231"]
[PlyCount "95"]
[EventDate "2014.11.28"]
[EventType "match (corr)"]
[EventRounds "2"]
[EventCountry "GER"]
[SourceTitle "Corr 2022"]
[Source "ChessBase"]
[SourceDate "2021.10.24"]
[SourceVersion "1"]
[SourceVersionDate "2021.10.24"]
[SourceQuality "1"]

1. e4 c6 2. d4 d5 3. exd5 cxd5 4. c4 Nf6 5. Nc3 e6 6. c5 Nc6 7. Bg5 Be7 8. Bb5 0-0 9. Nf3 Bd7 10. 0-0 a6 11. Bxc6 Bxc6 12. Ne5 Qc7 13. Re1 h6 14. Bf4 Qc8 15. b4 Kh7 16. Qd3+ Kh8 17. Re3 Ng8 18. Rh3 Qd8 19. Re1 Bg5 20. Bxg5 Qxg5 21. Rg3 Qf5 22. Qxf5 exf5 23. a4 Rad8 24. b5 axb5 25. axb5 Be8 26. Rge3 Nf6 27. f3 g6 28. Ra1 Rb8 29. Ra7 Kg7 30. Kf2 h5 31. g3 Rh8 32. h4 Rf8 33. c6 bxc6 34. bxc6 Rc8 35. c7 Kh6 36. Re1 Bd7 37. Nxd7 Nxd7 38. Nxd5 Rfe8 39. Rxe8 Rxe8 40. c8Q Rxc8 41. Rxd7 Kg7 42. Rc7 Rd8 43. Nf4 Kf8 44. d5 Ke8 45. Ke3 Ra8 46. Kd4 Ra3 47. Ke5 Rxf3 48. Kf6 1-0

[Event "IECC KO-2126"]
[Site "IECC email"]
[Date "2014.11.19"]
[Round "?"]
[White "Spiliopoulos, Panagiotis"]
[Black "Mariani, Danilo"]
[Result "1-0"]
[WhiteElo "1381"]
[BlackElo "1511"]
[PlyCount "45"]
[EventDate "2014.??.??"]
[EventType "match (corr)"]
[EventRounds "2"]
[SourceTitle "Corr 2020"]
[Source "ChessBase"]
[SourceDate "2019.09.30"]
[SourceVersion "1"]
[SourceVersionDate "2019.09.30"]
[SourceQuality "1"]
[WhiteTeam "Greece"]
[BlackTeam "Italy"]
[WhiteTeamCountry "GRE"]
[BlackTeamCountry "ITA"]

1. e4 c6 2. d4 d5 3. exd5 cxd5 4. c4 Nf6 5. Nc3 Nc6 6. Bg5 e6 7. c5 Be7 8. Bb5 0-0 9. Nf3 Ne4 10. Bxe7 Nxe7 11. Qc2 Qa5 12. Rb1 Nxc3 13. bxc3 Qc7 14. 0-0 Ng6 15. Rfe1 b6 16. c6 a6 17. Bd3 f5 18. c4 Ne7 19. Ne5 dxc4 20. Bxc4 b5 21. Bb3 Qd6 22. Qc5 Rd8 23. c7 1-0

[Event "ZN-2014-0-02855"]
[Site "LSS email"]
[Date "2014.11.07"]
[Round "?"]
[White "Spiliopoulos, Panagiotis"]
[Black "Nejdek, Petr"]
[Result "1-0"]
[WhiteElo "800"]
[BlackElo "1078"]
[PlyCount "65"]
[EventDate "2014.11.04"]
[EventType "match (corr)"]
[EventRounds "2"]
[EventCountry "GER"]
[SourceTitle "Corr 2022"]
[Source "ChessBase"]
[SourceDate "2021.10.24"]
[SourceVersion "1"]
[SourceVersionDate "2021.10.24"]
[SourceQuality "1"]

1. c4 d5 2. cxd5 Qxd5 3. Nc3 Qh5 4. d4 Bf5 5. Nf3 e6 6. e4 Bg4 7. Be2 Bb4 8. Qa4+ Nc6 9. Be3 Bxc3+ 10. bxc3 Qa5 11. Bb5 Qxa4 12. Bxa4 Bxf3 13. Bxc6+ bxc6 14. gxf3 Rb8 15. 0-0-0 Nf6 16. Kc2 0-0 17. Rb1 Rfc8 18. Rxb8 Rxb8 19. Rb1 Rxb1 20. Kxb1 Ne8 21. Kb2 Nd6 22. Kb3 Kf8 23. Bf4 Ke7 24. Bxd6+ Kxd6 25. c4 c5 26. d5 e5 27. Ka4 Kd7 28. Ka5 Kc8 29. Ka6 Kb8 30. a4 f6 31. a5 h5 32. Kb5 Kb7 33. a6+ 1-0

[Event "OP-2014-0-03544"]
[Site "LSS email"]
[Date "2014.11.03"]
[Round "?"]
[White "Spiliopoulos, Panagiotis"]
[Black "Huseby, Juan Carlos"]
[Result "1-0"]
[WhiteElo "800"]
[BlackElo "362"]
[PlyCount "91"]
[EventDate "2014.10.26"]
[EventType "tourn (corr)"]
[EventRounds "4"]
[EventCountry "GER"]
[SourceTitle "Corr 2022"]
[Source "ChessBase"]
[SourceDate "2021.10.24"]
[SourceVersion "1"]
[SourceVersionDate "2021.10.24"]
[SourceQuality "1"]

1. c4 Nf6 2. g3 c6 3. Bg2 e5 4. e4 Bc5 5. Nc3 d5 6. d3 dxc4 7. Bg5 Bxf2+ 8. Kxf2 Qd4+ 9. Ke2 Ng4 10. Nh3 f6 11. Bc1 Nd7 12. dxc4 Qxc4+ 13. Qd3 Qxd3+ 14. Kxd3 Nc5+ 15. Kc2 0-0 16. Bf3 Be6 17. Nd1 Rad8 18. Ne3 Nxe3+ 19. Bxe3 Rd3 20. Bxc5 Rfd8 21. Ng1 Rd2+ 22. Kc1 b6 23. Bb4 R2d4 24. Bc3 Ra4 25. b3 Bxb3 26. axb3 Rxa1+ 27. Bxa1 c5 28. Kc2 a5 29. Be2 Ra8 30. Bc4+ Kh8 31. Ne2 a4 32. Bb2 axb3+ 33. Bxb3 b5 34. Bd5 Rd8 35. Rd1 b4 36. Bc4 Rxd1 37. Kxd1 g5 38. Bc1 h5 39. Be3 Kg7 40. Bxc5 g4 41. Bxb4 Kg6 42. Nc3 Kg5 43. Nd5 h4 44. Be7 hxg3 45. hxg3 Kg6 46. Bxf6 1-0

[Event "IECC O-3896"]
[Site "IECC email"]
[Date "2014.06.06"]
[Round "?"]
[White "Spiliopoulos, Panagiotis"]
[Black "Hill, Phill"]
[Result "0-1"]
[WhiteElo "1380"]
[BlackElo "1418"]
[PlyCount "86"]
[EventDate "2014.??.??"]
[EventType "swiss (corr)"]
[EventRounds "2"]
[SourceTitle "Corr 2020"]
[Source "ChessBase"]
[SourceDate "2019.09.30"]
[SourceVersion "1"]
[SourceVersionDate "2019.09.30"]
[SourceQuality "1"]
[WhiteTeam "Greece"]
[BlackTeam "United States"]
[WhiteTeamCountry "GRE"]
[BlackTeamCountry "USA"]

1. d4 Nf6 2. c4 e6 3. g3 d5 4. Nf3 dxc4 5. Bg2 a6 6. 0-0 Nc6 7. e3 Nd5 8. Qe2 b5 9. Rd1 Be7 10. e4 Nf6 11. Nc3 Nb4 12. d5 exd5 13. Nxd5 Nfxd5 14. exd5 0-0 15. Nd4 Bd6 16. Be3 Qf6 17. b3 Nd3 18. bxc4 bxc4 19. Be4 Re8 20. Bxd3 cxd3 21. Qxd3 Qe5 22. Nf3 Qh5 23. Nh4 Bg4 24. Rd2 Rab8 25. Qxa6 g5 26. Ng2 f5 27. Qc4 f4 28. Bd4 Qh3 29. Qf1 Re4 30. Re1 Bf3 31. Rxe4 Bxe4 32. Ne1 Qxf1+ 33. Kxf1 Bxd5 34. Nd3 f3 35. Ke1 Kf7 36. Rb2 Ra8 37. Bc5 Bxc5 38. Nxc5 Bxa2 39. Kd2 Bd5 40. Kc3 h6 41. Kd4 Rd8 42. Rb4 Bc6+ 43. Kc3 Ke7 0-1

[Event "IECC KO-1064"]
[Site "IECC email"]
[Date "2006.09.12"]
[Round "?"]
[White "Buckle, Rod"]
[Black "Spiliopoulos, Panagiotis"]
[Result "0-1"]
[WhiteElo "1160"]
[BlackElo "1103"]
[PlyCount "86"]
[EventDate "2006.??.??"]
[EventType "match (corr)"]
[EventRounds "2"]
[SourceTitle "Corr 2020"]
[Source "ChessBase"]
[SourceDate "2019.09.30"]
[SourceVersion "1"]
[SourceVersionDate "2019.09.30"]
[SourceQuality "1"]
[WhiteTeam "England"]
[BlackTeam "Greece"]
[WhiteTeamCountry "ENG"]
[BlackTeamCountry "GRE"]

1. e4 c6 2. d4 d5 3. exd5 cxd5 4. Bd3 Nc6 5. Nf3 Bg4 6. 0-0 Bxf3 7. Qxf3 Nxd4 8. Qd1 Nf6 9. c3 Nc6 10. Na3 e6 11. Nb5 Bc5 12. b4 Be7 13. Nd4 Nxd4 14. cxd4 0-0 15. b5 Rc8 16. Qf3 Qb6 17. Be3 Ba3 18. Rab1 Rc7 19. Rb3 Bd6 20. Re1 Rfc8 21. g3 Qa5 22. Ra1 Bb4 23. Bf4 Rc3 24. Qd1 Ne4 25. f3 Nd6 26. Rab1 Rxb3 27. Qxb3 Bd2 28. Bxd6 Rc3 29. Bxh7+ Kxh7 30. Bb4 Rxb3 31. Rxb3 Bxb4 32. a3 Bxa3 33. Rb1 Qd2 34. h4 Qxd4+ 35. Kg2 Qd2+ 36. Kh3 d4 37. Ra1 Qc3 38. Rf1 d3 39. b6 a5 40. Rb1 d2 41. Rf1 Qb3 42. f4 d1Q 43. Rxd1 Qxd1 0-1